| 000 | 01324cam a22003737a 4500 | ||
|---|---|---|---|
| 003 | CHAP | ||
| 005 | 20220329142310.0 | ||
| 008 | 000524d1999 mx r 00110 spa d | ||
| 010 | _a81266 | ||
| 011 | _a82238 | ||
| 035 | _a92727 | ||
| 040 | _cCHAP | ||
| 090 | _aTesis | ||
| 100 | 0 | 0 |
_aNuñez Huerta, Ricardo. _982224 |
| 245 | 1 | 0 |
_aProducción de chile jalapeño (Capsicum annum L.) mediante riego por cintilla bajo dos regimenes de humedad y acolchado plástico _c/por Ricardo Núñez Huerta |
| 260 |
_aBermejillo, Dgo. : _bEl autor, _c1999. |
||
| 300 |
_a61 h. ; _bgráfs. |
||
| 500 | _ac.3 de bodega | ||
| 502 | _aTesis (Ing. Agr. en Sistemas Agrícolas de Zonas Aridas | ||
| 590 |
_aALEPH _b10 _c20130110 _lUCH01 _h1435 |
||
| 590 |
_aBATCH-UPD _b10 _c20130110 _lUCH01 _h0949 |
||
| 590 |
_aBATCH-UPD _b10 _c20130410 _lUCH01 _h0603 |
||
| 590 |
_aBATCH-UPD _b10 _c20130913 _lUCH01 _h1914 |
||
| 590 |
_aCONVERSION _b10 _c20130109 _lUCH01 _h1345 |
||
| 650 | 1 | 4 |
_aAcolchado de suelos. _9623 |
| 650 | 1 | 4 |
_aChile jalapeño _xRendimiento. _922436 |
| 650 | 1 | 4 |
_aPlásticos en agricultura. _989199 |
| 650 | 1 | 4 |
_aRiego por cintillas. _997377 |
| 901 | _aBK | ||
| 905 | _aAlejandra Carrasco M. | ||
| 942 | _cFOLL | ||
| 949 |
_bBC _cTES _d33724000781316 _eTS2 _fc.2 _h36066 _i92727 _si |
||
| 949 |
_bBC _cTES _d927271 _eTS1 _h36065 _i92727 _sb |
||
| 999 |
_c81266 _d81266 |
||